000 00469nam a2200181Ia 4500
008 240925s9999 xx 000 0 und d
020 _a9814126470
082 _a621.3815 DAV
100 _aDavid , Johns
245 0 _aAnalog Integrated Circuit Design
250 _aNA
260 _aNew York:
_bJohn Wiley & Sons
_c,2004.
300 _aix,322p.
_bNA
_fPhotocopy
500 _aIncludes Index
600 _aEngineering Technology
650 _aTechnology
942 _cBK
999 _c8337
_d8337